000 00676nam a2200265Ia 4500
005 20260121173508.0
008 008 260114s9999 xx 000 0 eng d
020 _a9789811965692
037 _aEBOOK
040 _aCRL
040 _beng
040 _cCRL
041 _2eng
041 _aeng
084 _qCRL
100 _aSubramanian Senthilkannan Muthu
_91101574
245 0 _aBlockchain Technologies in the Textile and Fashion Industry
260 _bSpringer
260 _bSpringer
260 _c2022
856 _uhttps://link.springer.com/openurl?genre=book&isbn=978-981-19-6569-2
942 _cEBOOK
999 _c1667319
_d1667319